Aplikácia strojového učenia na fingerprinting webových technológií

Salvato in:
Dettagli Bibliografici
Autore principale: Macháčová, Emma (Autore)
Altri autori: Laštinec, Ján (Relatore della tesi)
Natura: Manoscritto Libro
Lingua:slovacco
Pubblicazione: 2025
Soggetti:
Accesso online:http://is.stuba.sk/zp/portal_zp.pl?podrobnosti=183597
Tags: Aggiungi Tag
Nessun Tag, puoi essere il primo ad aggiungerne!!

MARC

LEADER 00000ntm a22000003a 4500
001 stuzp105872
003 SK-STU
005 20250607211916.4
007 ta
008 150427s2015----xo-----f-mn---000-0-slo-d
040 |a STU  |b slo 
041 0 |a slo 
100 1 |a Macháčová, Emma  |u 070400  |4 aut  |U FIIT Fakulta informatiky a informačných technológií  |T FIIT Ústav počítačového inžinierstva a aplikovanej informatiky  |X 103037  |U I400  |Y 672  |7 103037 
242 0 1 |a Use of Machine Learning for Fingerprinting of Web Technologies  |y eng 
245 1 0 |a Aplikácia strojového učenia na fingerprinting webových technológií 
260 |c 2025 
650 4 |a HTTP responses  |2 eng 
650 4 |a security testing  |2 eng 
650 4 |a HTTP response headers  |2 eng 
650 4 |a web application fingerprinting  |2 eng 
650 4 |a machine learning  |2 eng 
650 4 |a bezpečnostné testovanie  |2 slo 
650 4 |a hlavičky HTTP odpovedí  |2 slo 
650 4 |a strojové učenie  |2 slo 
650 4 |a fingerprinting webových aplikácií  |2 slo 
650 4 |a HTTP odpovede  |2 slo 
700 1 |a Laštinec, Ján  |u 070300  |k Z3  |4 ths  |U FIIT Fakulta informatiky a informačných technológií  |T FIIT Ústav aplikovanej informatiky  |X 56214  |U I300  |Y 180  |7 A000056214 
856 4 |u http://is.stuba.sk/zp/portal_zp.pl?podrobnosti=183597